Catálogo

Y LOS OBREROS ¿ QUE ? (Registro nro. 39744)

Detalles MARC
000 -LEADER
fixed length control field 01012nam a2200193 a 4500
001 - CONTROL NUMBER
control field 39744
005 - DATE AND TIME OF LATEST TRANSACTION
control field 20180714013405.0
008 - FIXED-LENGTH DATA ELEMENTS--GENERAL INFORMATION
fixed length control field 140415s1999 mx 000 0 spa d
020 ## - INTERNATIONAL STANDARD BOOK NUMBER
International Standard Book Number 9688633720
041 ## - LANGUAGE CODE
Language code of text/sound track or separate title spa
082 ## - DEWEY DECIMAL CLASSIFICATION NUMBER
Classification number 322.2097248
Item number FRA
100 1# - MAIN ENTRY--PERSONAL NAME
Personal name FRAILE GARCIA, FRANCISCO ANTONIO
245 10 - TITLE STATEMENT
Title Y LOS OBREROS ¿ QUE ?
250 ## - EDITION STATEMENT
Edition statement 1a ed.
260 ## - PUBLICATION, DISTRIBUTION, ETC.
Place of publication, distribution, etc. MEXICO :
Name of publisher, distributor, etc. BENEMERITA UNIVERSIDAD AUTONOMA DE PUEBLA,
Date of publication, distribution, etc. 1999
300 ## - PHYSICAL DESCRIPTION
Extent 201
Dimensions x 14 x 21
520 ## - SUMMARY, ETC.
Summary, etc. Y LOS OBREROS QUE ES UNA OBRA QUE PLASMA LO QUE EL SINDICATO DE VOLKSVAGEN HA SIDO A LO LARGO DE SU HISTORA, PARA ELLO , EL AUTOR HIZO EL SEGUIMIENTO PERIODISTICO QUE NOS HACE COMPRENDER COMO FUERON SUCEDIENDO LAS NEGOCIACIONES ENTRE SINDICATO Y EMPRESA LAS PROPUESTA DE PROGRAMAS DE DESARROLLO SINDICAL Y COMO LAS ELECCIONES Y DESICIONES DENTRO Y FURA DEL SINDICATO BENEFICIARON O PRERJUDICARON A LOS TRABAJADORES.
650 14 - SUBJECT ADDED ENTRY--TOPICAL TERM
Topical term or geographic name entry element INDUSTRIA AUTOMOTRIZ
General subdivision OBREROS
-- MEXICO
-- RELACIONES LABORALES
-- SINDICALISMO
-- OBREROS
-- PUEBLA
Existencias
Withdrawn status Lost status Source of classification or shelving scheme Damaged status Not for loan Collection code Home library Current library Shelving location Date acquired Source of acquisition Inventory number Total Checkouts Full call number Barcode Date last seen Date last checked out Price effective from Koha item type
    Dewey Decimal Classification     General Biblioteca Karol Wojtyla Biblioteca Karol Wojtyla Sala general 03/12/2013 Compra 151000000000000000055367   322.2097248 FRA 59722 05/01/2026 01/10/2014 03/12/2013 Libro